Para una lectura semiotica del ensayo latinoamericano /
Guardado en:
| Autor Principal: | |
|---|---|
| Formato: | Libro |
| Publicado: |
Madrid :
Jose Charrua,
1983
|
| Materias: | |
| Etiquetas: |
Agregar Etiqueta
Sin Etiquetas, Sea el primero en etiquetar este registro!
|
| LEADER | 00470nam a22001575a 4500 | ||
|---|---|---|---|
| 001 | EHU.bham004613 | ||
| 003 | AR-BHAM | ||
| 005 | 20080222134437.0 | ||
| 008 | 130507s1983##################000#0#####d | ||
| 082 | 4 | 1 | |a 412 |
| 100 | 1 | |a Foster, David W. | |
| 245 | 1 | 0 | |a Para una lectura semiotica del ensayo latinoamericano / |c David W. Foster. |
| 260 | |a Madrid : |b Jose Charrua, |c 1983 | ||
| 300 | |a 132 p. | ||
| 653 | |a Etimologia | ||
| 859 | |a AR-BHAM |b BIB. HUMANIDADES - General |h 412 |i F812 |p 46.93 |t Ej.1 | ||
